| 000 | 00551nam a22001817a 4500 | ||
|---|---|---|---|
| 005 | 20251108163351.0 | ||
| 008 | 250721s1999 xx 000 0 ara d | ||
| 082 | 1 | 4 | _a211.84/طيب |
| 100 | 1 | _aالطيبي، عكاشه عبد المنان | |
| 245 | 1 | 0 | _aقصص الطير و الحيوان في الكتاب و السنة / |
| 264 | 1 |
_aبيروت : _bدار الافاق، _c1999. |
|
| 300 | _a344ص | ||
| 650 | 1 | 7 | _aالقرآن الكريم |
| 650 | 1 | 7 | _aقصص القرآن |
| 650 | 1 | 7 | _aالحيوانات |
| 942 |
_2ddc _cBK |
||
| 999 |
_c878 _d878 |
||